Analýza poistných rizík vo vzťahu k hospodáreniu životnej poisťovne recenzovaný monografický zborník vedeckých prác

Gespeichert in:
Bibliographische Detailangaben
Körperschaft: Fakulta hospodárskej informatiky EU. Katedra matematiky a aktuárstva
Weitere Verfasser: Krčová, Ingrid, 1969-, Peller, František, Starečková, Anna
Format: Buch
Sprache:Slowakisch
Englisch
Veröffentlicht: Litomyšl H.R.G. 2023
Ausgabe:1. vydanie
Schlagworte:
Tags: Tag hinzufügen
Keine Tags, Fügen Sie das erste Tag hinzu!

MARC

LEADER 00000nam a2200000 4500
001 0297722
005 20240502084002.4
020 |a 978-80-7490-320-5 
041 0 |a slo 
041 0 |a eng 
044 |a CZ 
245 1 0 |a Analýza poistných rizík vo vzťahu k hospodáreniu životnej poisťovne  |b recenzovaný monografický zborník vedeckých prác  |c zostavovateľ: Ingrid Krčová ; recenzenti: František Peller, Anna Starečková 
250 |a 1. vydanie 
264 1 |a Litomyšl  |b H.R.G.  |c 2023 
300 |a 81 s. [3,75 AH] 
610 2 0 |a riziko poistné 
610 2 0 |a poisťovne 
610 2 0 |a poistenie životné 
610 2 0 |a pandémia 
610 2 0 |a koronavírus 
700 1 |a Krčová, Ingrid, 1969- 
700 1 |a Peller, František 
700 1 |a Starečková, Anna 
710 2 |a Fakulta hospodárskej informatiky EU. Katedra matematiky a aktuárstva